[Event "Bad Pyrmont Pape op-A 2nd"]
[Site "Bad Pyrmont"]
[Date "2023.08.13"]
[Round "7"]
[White "Jacobi, Felix Hagen"]
[Black "O'Leary, John Paul"]
[Result "1/2-1/2"]
[WhiteElo "2079"]
[BlackElo "2074"]
[PlyCount "40"]
[EventDate "2023.08.10"]
[EventType "swiss"]
[EventRounds "7"]
[EventCountry "GER"]
[SourceTitle "EXT 2024"]
[Source "ChessBase"]
[SourceDate "2023.10.10"]
[SourceVersion "1"]
[SourceVersionDate "2023.10.10"]
[SourceQuality "1"]

1. e4 e6 2. d4 d5 3. exd5 exd5 4. Bd3 Bd6 5. c3 Ne7 6. Qc2 Nbc6 7. Bg5 f6 8. Bh4 Be6 9. Nd2 Qd7 10. 0-0-0 Nf5 11. Bg3 h5 12. Re1 Nce7 13. Ngf3 0-0-0 14. Re2 Nxg3 15. hxg3 Bg4 16. Rhe1 Kb8 17. Re3 Nf5 18. Re6 Ne7 19. R6e3 Nf5 20. Re6 Ne7 1/2-1/2

[Event "Bad Pyrmont Pape op-A 2nd"]
[Site "Bad Pyrmont"]
[Date "2023.08.13"]
[Round "6"]
[White "Moerke, Niklas"]
[Black "O'Leary, John Paul"]
[Result "0-1"]
[WhiteElo "1758"]
[BlackElo "2074"]
[PlyCount "84"]
[EventDate "2023.08.10"]
[EventType "swiss"]
[EventRounds "7"]
[EventCountry "GER"]
[SourceTitle "EXT 2024"]
[Source "ChessBase"]
[SourceDate "2023.10.10"]
[SourceVersion "1"]
[SourceVersionDate "2023.10.10"]
[SourceQuality "1"]

1. d4 e6 2. e4 d5 3. exd5 exd5 4. Bd3 Bd6 5. Nf3 Bg4 6. 0-0 Ne7 7. Bg5 f6 8. Bh4 Nbc6 9. c3 Qd7 10. Nbd2 0-0-0 11. b4 g5 12. Bg3 Nf5 13. Bxd6 Nxd6 14. a4 h5 15. a5 a6 16. Qc2 Kb8 17. Rfb1 Nb5 18. h3 Bxf3 19. Nxf3 g4 20. Bf5 Qg7 21. Nh4 Qg5 22. Ng6 gxh3 23. f4 Qg3 24. Nxh8 Ncxd4 25. cxd4 Nxd4 26. Qf2 h2+ 27. Kh1 Qxf2 28. Rf1 Qg3 29. Nf7 Rf8 30. Nh6 Qg7 31. Rad1 Ne2 32. Kxh2 Qxh6 33. Rxd5 Nxf4 34. Rd7 Qg5 35. Bh3 Nxh3 36. gxh3 Qe5+ 37. Kh1 Qe4+ 38. Kh2 Qe2+ 39. Rf2 Qxf2+ 40. Kh1 Rg8 41. Rd8+ Rxd8 42. b5 Rd1# 0-1

[Event "Mislata op rapid"]
[Site "Mislata"]
[Date "2022.08.16"]
[Round "3"]
[White "O Leary, John Paul"]
[Black "Torres Sanchez, Jose"]
[Result "0-1"]
[WhiteElo "2074"]
[BlackElo "2239"]
[PlyCount "89"]
[EventDate "2022.08.15"]
[EventType "swiss (rapid)"]
[EventRounds "8"]
[EventCountry "ESP"]
[SourceTitle "EXT 2024"]
[Source "ChessBase"]
[SourceDate "2023.10.10"]
[SourceVersion "1"]
[SourceVersionDate "2023.10.10"]
[SourceQuality "1"]

1. e4 c5 2. Nf3 e6 3. d4 cxd4 4. Nxd4 a6 5. c4 Nf6 6. Nc3 Qc7 7. a3 b6 8. Be3 Bb7 9. f3 d6 10. Be2 Nbd7 11. 0-0 Be7 12. Rc1 0-0 13. Qe1 Rac8 14. Qf2 Rfe8 15. Rfd1 Qb8 16. b4 Bd8 17. Nb3 Bc7 18. g4 h6 19. Nd2 d5 20. cxd5 exd5 21. Nf1 dxe4 22. f4 Nf8 23. g5 hxg5 24. fxg5 N6h7 25. Nd5 Bxd5 26. Rxd5 b5 27. Rcd1 Re5 28. Rxe5 Bxe5 29. Qf5 Re8 30. Kg2 g6 31. Qg4 Ne6 32. Ng3 Bf4 33. Bxf4 Nxf4+ 34. Kf1 Qe5 35. h4 Nf8 36. Nh1 N8e6 37. Nf2 e3 38. Nd3 Nxd3 39. Rxd3 Nf4 40. Rd1 Qe4 41. Qg1 Nxe2 42. Kxe2 Qc2+ 43. Kf3 e2 44. Re1 Qd3+ 45. Kf2 0-1

[Event "La Roda op 48th"]
[Site "La Roda"]
[Date "2022.04.14"]
[Round "2"]
[White "Sargsyan, Shant"]
[Black "O'Leary, John Paul"]
[Result "1-0"]
[WhiteElo "2639"]
[BlackElo "2074"]
[PlyCount "57"]
[EventDate "2022.04.13"]
[EventType "swiss"]
[EventRounds "9"]
[EventCountry "ESP"]
[SourceTitle "CBM 207 Extra"]
[Source "ChessBase"]
[SourceDate "2022.05.31"]
[SourceVersion "1"]
[SourceVersionDate "2022.05.31"]
[SourceQuality "1"]

1. e4 e6 2. d4 d5 3. Nd2 Nf6 4. e5 Nfd7 5. f4 c5 6. c3 Nc6 7. Ndf3 cxd4 8. cxd4 a5 9. Bd3 Nb6 10. Ne2 a4 11. a3 Na5 12. Bc2 Bd7 13. Nc3 Nac4 14. Kf2 Be7 15. h4 Qc7 16. Bd3 Na5 17. Qe2 Nb3 18. Rb1 h5 19. Be3 g6 20. Ng5 Nc4 21. Bxc4 Qxc4 22. Qxc4 dxc4 23. d5 exd5 24. Nxd5 Bd8 25. Bb6 0-0 26. Rbd1 Bg4 27. Bxd8 Bxd1 28. Bf6 Rfe8 29. Rxd1 1-0